000 00979 a2200241 4500
005 20260226125253.0
008 260226b |||||||| |||| 00| 0 eng d
020 _a9789391798066 (hbk)
037 _cTB
040 _aCRL
_cCRL
041 _2hin
_ahin
084 _aU.2 152R4
_qCRL
100 _aचंद्र, सुभाष
_9875754
245 _aभारत का भूगोल
260 _aदिल्ली, भारत:
_bएकैडमिक पब्लिकेशन्स,
_c2024.
300 _a438पृ.
365 _b1995.00
_cINR
650 _aभूगोल
_91116754
650 _aभारत भूगोल
_91116755
700 _aनीलम
_eलेखक
_91116756
942 _cTB
_2CC
_hU.2 152R4
999 _c1474527
_d1474527